000 00749nam a2200229 i 4500
001 110521
003 ES-MaACL
005 20250918063031.0
007 t|
008 070126s1976 fr ||||1| fre d
080 _a821.133.1-22"16"
100 1 _aMolière,
_d1622-1673
_981873
245 1 0 _aOeuvres complètes.
_n, . II /
_cMolière ; textes établis, présentés et annotés par George Couton.
260 _aParis :
_bGallimard,
_c[1976]
300 _a1565 p. ;
_c18 cm.
490 1 _aBibliothèque de la Pléiade
500 _aBiblioteca Jacinto Martínez Lacalle.
700 1 _aCouton, Georges.
_941331
830 0 _aBibliothèque de la Pléiade
_9180233
852 _aES-MaACL
_jE-11580
_bR.139641
999 _c110521
_d110521